Welcome to CU Library Online Public Access Catalogue (OPAC)

Team leadership in Christian ministry : (Record no. 6183)

MARC details
000 -LEADER
fixed length control field 01153cam a2200289 a 4500
001 - CONTROL NUMBER
control field 4023698
005 - DATE AND TIME OF LATEST TRANSACTION
control field 20250603100858.0
008 - FIXED-LENGTH DATA ELEMENTS--GENERAL INFORMATION
fixed length control field 970225s1997 ilua b 001 0 eng
020 ## - INTERNATIONAL STANDARD BOOK NUMBER
International Standard Book Number 0802490166
050 00 - LIBRARY OF CONGRESS CALL NUMBER
Classification number BV652.1
Item number .G37 1997
082 00 - DEWEY DECIMAL CLASSIFICATION NUMBER
Classification number 253
Edition information 21
100 1# - MAIN ENTRY--PERSONAL NAME
Personal name Gangel, Kenneth O.
245 10 - TITLE STATEMENT
Title Team leadership in Christian ministry :
Remainder of title using multiple gifts to build a unified vision /
Statement of responsibility, etc. Kenneth O. Gangel.
250 ## - EDITION STATEMENT
Edition statement Rev. ed.
260 ## - PUBLICATION, DISTRIBUTION, ETC.
Place of publication, distribution, etc. Chicago :
Name of publisher, distributor, etc. Moody Press,
Date of publication, distribution, etc. c1997.
300 ## - PHYSICAL DESCRIPTION
Extent 480 p. :
Other physical details ill. ;
Dimensions 24 cm.
500 ## - GENERAL NOTE
General note Rev. ed. of: Building leaders for church education. 1981.
650 #0 - SUBJECT ADDED ENTRY--TOPICAL TERM
Topical term or geographic name entry element Christian leadership.
650 #0 - SUBJECT ADDED ENTRY--TOPICAL TERM
Topical term or geographic name entry element Group ministry.
650 #0 - SUBJECT ADDED ENTRY--TOPICAL TERM
Topical term or geographic name entry element Church management.
650 #0 - SUBJECT ADDED ENTRY--TOPICAL TERM
Topical term or geographic name entry element Christian education.
700 1# - ADDED ENTRY--PERSONAL NAME
Personal name Gangel, Kenneth O.
Title of a work Building leaders for church education.
856 42 - ELECTRONIC LOCATION AND ACCESS
Materials specified Publisher description
Uniform Resource Identifier <a href="http://www.loc.gov/catdir/enhancements/fy0609/97147270-d.html">http://www.loc.gov/catdir/enhancements/fy0609/97147270-d.html</a>
856 42 - ELECTRONIC LOCATION AND ACCESS
Materials specified Contributor biographical information
Uniform Resource Identifier <a href="http://www.loc.gov/catdir/enhancements/fy1211/97147270-b.html">http://www.loc.gov/catdir/enhancements/fy1211/97147270-b.html</a>
856 41 - ELECTRONIC LOCATION AND ACCESS
Materials specified Table of contents only
Uniform Resource Identifier <a href="http://www.loc.gov/catdir/enhancements/fy1211/97147270-t.html">http://www.loc.gov/catdir/enhancements/fy1211/97147270-t.html</a>
942 ## - ADDED ENTRY ELEMENTS (KOHA)
Source of classification or shelving scheme Library of Congress Classification
Koha item type Books
Suppress in OPAC No
999 ## -
-- 6183
-- 6183
Holdings
Withdrawn status Lost status Source of classification or shelving scheme Damaged status Not for loan Collection Home library Current library Shelving location Date acquired Total checkouts Full call number Barcode Date last seen Copy number Price effective from Koha item type
    Library of Congress Classification     Non-fiction Undergraduate Library (Christ Temple) Undergraduate Library (Christ Temple) General stacks 06/03/2025   BV652.1 GAN ulct00002908 06/03/2025 1 06/03/2025 Books
    Library of Congress Classification     Non-fiction Undergraduate Library (Christ Temple) Undergraduate Library (Christ Temple) General stacks 06/03/2025   BV652.1 GAN ulct00002909 06/03/2025 2 06/03/2025 Books
© 2023-2024 Copyright: Central University Libraries. All Rights Reserved | Created by: Mahone Tech Office